000 02192nac a22003731u 4500
008 100428t 2008xxu||||| |||| 00| 0deng d
010 _a 2007277293
020 _a9780470055120 (alk. paper)
020 _a9780471656708 (DVD)
082 _a670
_bBLA
_222
100 1 _aBlack, J. Temple.
_913745
_eAuthor
245 1 0 _aDeGarmo's Materials and Processes in Manufacturing /
_cJ.T. Black, Ronald A. Kohser.
246 3 0 _aMaterials and processes in manufacturing
250 _a10th ed.
260 _aHoboken, NJ :
_bWiley,
_cc2008.
300 _axvi. 1010 p. :
_bill. ;
_c29 cm. +
_e1 CD-ROM (4 3/4 in.)
500 _aRev. of: Materials and processes in manufacturing / E. Paul DeGarmo, J. T. Black, Ronald A. Kohser. 1997.
500 _aIncludes index.
511 _aCatalogued By: Mahitab.
650 0 _aManufacturing processes.
_913746
650 0 _aMaterials.
_913747
700 1 _aKohser, Ronald A.
_913748
_eAuthor
942 _cBB
_2ddc
999 _c8846
_d8846